Kỹ thuật chế biến các món ăn từ thịt heo

Gardado en:
Detalles Bibliográficos
Autor Principal: Nguyễn, Trúc Chi
Formato: Libro
Idioma:Undetermined
Publicado: Thành phố Hồ Chí Minh Tổng hợp 2005
Những chủ đề:
Các nhãn: Engadir etiqueta
Sen Etiquetas, Sexa o primeiro en etiquetar este rexistro!
Thư viện lưu trữ: Trung tâm Học liệu Trường Đại học Cần Thơ
LEADER 00565nam a2200193Ia 4500
001 CTU_74422
008 210402s9999 xx 000 0 und d
020 |c 24500 
082 |a 641.5 
082 |b Ch300 
100 |a Nguyễn, Trúc Chi 
245 0 |a Kỹ thuật chế biến các món ăn từ thịt heo 
245 0 |c Nguyễn Trúc Chi 
260 |a Thành phố Hồ Chí Minh 
260 |b Tổng hợp 
260 |c 2005 
650 |a Cookery 
904 |i Tuyến 
980 |a Trung tâm Học liệu Trường Đại học Cần Thơ